书目信息 |
| 题名: |
工人哲学导读
|
|
| 作者: | 徐金奎 主编 | |
| 分册: | ||
| 出版信息: | 北京 红旗出版社 1991 |
|
| 页数: | 242页 | |
| 开本: | 19cm | |
| 丛书名: | ||
| 单 册: | ||
| 中图分类: | B-49 , B27 | |
| 科图分类: | ||
| 主题词: | 马克思主义哲学--传播--中国 , 马克思主义哲学--发展--中国 | |
| 电子资源: | ||
| ISBN: | 7-80068-164-5 | |
| 000 | 00716nam0 2200253 45 | |
| 001 | 1136167473 | |
| 005 | 20110928100512.50 | |
| 010 | @a7-80068-164-5@dCNY4.00 | |
| 100 | @a19950928d1991 em y0chiy0121 ea | |
| 101 | 0 | @achi |
| 102 | @aCN@b310000 | |
| 102 | @aCN@b110000 | |
| 105 | @ay z 000yy | |
| 200 | 10 | @a工人哲学导读@Agong ren zhe xue jie yue · di ci gen@f徐金奎等主编@Fxu jin kui deng zhu bian |
| 210 | @a北京@c红旗出版社@d1991 | |
| 215 | @a242页@d19cm | |
| 606 | 0 | @a马克思主义哲学@x传播@x中国 |
| 606 | 0 | @a马克思主义哲学@x发展@x中国 |
| 690 | @aB-49@v3 | |
| 690 | @aB27@v4 | |
| 701 | 0 | @a徐金奎@Axu jin kui@4主编 |
| 801 | 2 | @aCN@bNLC@c20070723 |
| 801 | 0 | @aCN@bTSSF |
| 905 | @a10447@dB27@eJY44 | |
| 工人哲学导读/徐金奎等主编.-北京:红旗出版社,1991 |
| 242页;19cm |
| ISBN 7-80068-164-5:CNY4.00 |
| ● |
| 相关链接 |
|
|
|
|
正题名:工人哲学导读
索取号:B27/JY44
 
预约/预借
| 序号 | 登录号 | 条形码 | 馆藏地/架位号 | 状态 | 备注 |
| 1 | 7824450 | 278244507 | 学院路分馆/ [索取号:B27/JY44] | 在馆 |